000 00344 a2200169 4500
001 56422
020 _a8526247271
040 _cAnchieta - Pituba
100 _aAlencar, José de
240 1 0 _aO guarani
_lpor
245 1 0 _aO guarani
300 _a87
362 0 _a2003
440 1 _aScipione
650 4 _aLiteratura juvenil
942 _cBK
999 _c56422
_d56422